[Event "Challenge"]
[Site "http://www.queenalice.com/game.php?id=67668"]
[Date "2006.5.8"]
[Round "-"]
[White "alunoem7"]
[Black "fredyfabian"]
[Result "1-0"]
[WhiteElo "1988"]
[BlackElo "1527"]

1. e4 d5 2. exd5 Qxd5 3. Nc3 Qe5+ 4. Be2 Bg4 5. Nf3 Bxf3 6. gxf3 Nc6 7. d3 Nd4
8. Be3 O-O-O 9. f4 Qa5 10. Bg4+ f5 11. Bh3 Nf6 12. Bg2 e5 13. O-O exf4 14. Bxf4
h5 15. Re1 Bd6 16. Be3 Bxh2+ 17. Kxh2 Ng4+ 18. Kg1 Nxe3 19. fxe3 Ne6 20. Qf3 c6
21. a3 g5 22. b4 Qe5 23. d4 Qf6 24. Ne4 Qf7 25. Rf1 f4 26. exf4 g4 27. Qf2 h4
28. d5 Rxd5 29. Ng5 g3 30. Qxa7 Rxg5 31. fxg5 Qg7 32. Bh3 g2 33. Bxe6+ Kd8 34.
Rad1+ Kc7 35. Qa5+ Kb8 36. Rd8+ Rxd8 37. Qxd8+ Ka7 38. Qa5+ Kb8 39. Rd1 b5 40.
Qb6+ Qb7 41. Rd8# 1-0

[Event "Challenge"]
[Site "http://www.queenalice.com/game.php?id=67899"]
[Date "2006.5.9"]
[Round "-"]
[White "man_from_mars"]
[Black "alunoem7"]
[Result "0-1"]
[WhiteElo "1825"]
[BlackElo "1959"]

1. e4 c5 2. Nf3 Nc6 3. c3 e6 4. d4 cxd4 5. cxd4 d5 6. e5 Qb6 7. Be2 Nge7 8. O-O
Nf5 9. a4 Ncxd4 10. Nxd4 Qxd4 11. Nd2 Bd7 12. Nb3 Qxd1 13. Rxd1 Be7 14. Bg4 Nh4
15. Na5 O-O-O 16. Be3 Kb8 17. Nb3 Ng6 18. Bd4 Rc8 19. Rdc1 Rxc1+ 20. Rxc1 Bxa4
21. Nc5 Rc8 22. Rc3 Bb5 23. g3 b6 24. Nb3 Rxc3 25. Bxc3 Bc5 26. Nd4 Nxe5 27. Bh3
Bxd4 28. Bxd4 Nf3+ 29. Kg2 Nxd4 30. f4 a5 0-1

[Event "AUTO-MASTER-144"]
[Site "http://www.queenalice.com/game.php?id=68534"]
[Date "2006.5.11"]
[Round "1"]
[White "plutochess"]
[Black "alunoem7"]
[Result "0-1"]
[WhiteElo "1726"]
[BlackElo "1791"]

1. Nf3 d5 2. e3 Nf6 3. d4 g6 4. g3 Bg7 5. Bg2 c5 6. O-O cxd4 7. Nxd4 e5 8. Nf3
Nc6 9. b3 e4 10. Nh4 g5 11. Bb2 gxh4 12. Bxf6 Bxf6 13. c3 h3 14. Bh1 h5 15. Nd2
Bxc3 16. Rc1 Ba5 17. f3 Bb6 18. Rc3 Qg5 19. f4 Qg7 20. Nb1 h4 21. Qxd5 f5 22.
Re1 Bd7 23. Bxe4 hxg3 24. Bxf5 Bxf5 25. Qxf5 gxh2+ 0-1

[Event "AUTO-MASTER-144"]
[Site "http://www.queenalice.com/game.php?id=68535"]
[Date "2006.5.11"]
[Round "1"]
[White "alunoem7"]
[Black "plutochess"]
[Result "1-0"]
[WhiteElo "1677"]
[BlackElo "1732"]

1. e4 c6 2. Nc3 d5 3. Nf3 g6 4. d4 Bg7 5. Be3 e6 6. e5 Ne7 7. Qd2 O-O 8. Bh6 Nf5
9. Bxg7 Kxg7 10. Bd3 Nd7 11. Ne2 c5 12. Bxf5 exf5 13. c3 b6 14. O-O-O c4 15. h4
b5 16. h5 Nb6 17. hxg6 fxg6 18. Qh6+ Kf7 19. Qxh7+ Ke8 20. Qxg6+ 1-0

[Event "AUTO-MASTER-144"]
[Site "http://www.queenalice.com/game.php?id=68546"]
[Date "2006.5.11"]
[Round "1"]
[White "csadler"]
[Black "alunoem7"]
[Result "0-1"]
[WhiteElo "1683"]
[BlackElo "1474"]

1. d4 Nf6 2. c4 e6 3. Nc3 Bb4 4. Qc2 d5 5. cxd5 exd5 6. Bg5 c6 7. e3 Nbd7 8. Bd3
h6 9. Bh4 Be7 10. Nf3 O-O 11. O-O Nh5 12. Bxe7 Qxe7 13. Rae1 Ndf6 14. h3 Qd6 15.
g4 Nxg4 16. hxg4 Bxg4 17. Ne5 Bh3 18. f4 Bxf1 19. Kxf1 Rac8 20. Ke2 Rc7 21. Rh1
Ng3+ 0-1

[Event "AUTO-MASTER-144"]
[Site "http://www.queenalice.com/game.php?id=68547"]
[Date "2006.5.11"]
[Round "1"]
[White "alunoem7"]
[Black "csadler"]
[Result "1-0"]
[WhiteElo "1933"]
[BlackElo "1740"]

1. d4 Nf6 2. g3 g6 3. c4 Bg7 4. Bg2 O-O 5. Nc3 d5 6. cxd5 Nbd7 7. e4 c6 8. dxc6
bxc6 9. Nge2 Qc7 10. Bd2 Ba6 11. e5 Ne8 12. Qa4 Bxe2 13. Nxe2 Nb6 14. Qc2 Nd5
15. h4 h5 16. g4 Qb6 17. gxh5 gxh5 18. O-O-O e6 19. Rh3 f6 20. Rg3 fxe5 21. dxe5
Rxf2 22. Bxd5 cxd5 23. Be3 Rxe2 24. Qxe2 Rc8+ 25. Kb1 Qc7 26. Rc1 Qb7 27. Rxc8
Qxc8 28. Qxh5 Kf8 29. Bh6 Bxh6 30. Qxh6+ Ke7 31. Qg5+ Kd7 32. Rf3 Qc4 33. Rf7+
Kc6 34. Qc1 1-0

[Event "AUTO-MASTER-144"]
[Site "http://www.queenalice.com/game.php?id=68554"]
[Date "2006.5.11"]
[Round "1"]
[White "alunoem7"]
[Black "aliosky"]
[Result "1-0"]
[WhiteElo "1907"]
[BlackElo "1691"]

1. Nf3 d5 2. c4 d4 3. g3 c5 4. d3 Nc6 5. Bg2 Nf6 6. h3 e5 7. Na3 Bd6 8. Nc2 O-O
9. O-O h6 10. e3 Be6 11. exd4 exd4 12. b4 cxb4 13. Nfxd4 Nxd4 14. Nxd4 Rb8 15.
Nxe6 1-0

[Event "AUTO-MASTER-144"]
[Site "http://www.queenalice.com/game.php?id=68555"]
[Date "2006.5.11"]
[Round "1"]
[White "aliosky"]
[Black "alunoem7"]
[Result "0-1"]
[WhiteElo "1752"]
[BlackElo "1858"]

1. e4 e6 2. d4 d5 3. e5 c5 4. c3 Nc6 5. Bb5 Qb6 6. Ba4 Nh6 7. Nf3 Bd7 8. Bxh6
Qxb2 9. Nbd2 gxh6 10. Qc1 Qxc1+ 11. Rxc1 O-O-O 12. Nb3 c4 13. Bxc6 Bxc6 14. Na5
Ba4 15. O-O b6 0-1

[Event "Challenge"]
[Site "http://www.queenalice.com/game.php?id=97522"]
[Date "2006.8.19"]
[Round "-"]
[White "Drifter"]
[Black "alunoem7"]
[Result "0-1"]
[WhiteElo "1780"]
[BlackElo "1929"]

1. e4 c5 2. d4 cxd4 3. Qxd4 Nc6 4. Qc4 Nf6 5. Nc3 e6 6. Nf3 d6 7. Bg5 a6 8. Be2
h6 9. Be3 Bd7 10. O-O b5 11. Qd3 Be7 12. a3 Ng4 13. Bf4 e5 14. Bd2 f5 15. exf5
O-O 16. Ne4 Qc8 17. Qd5+ Kh7 18. c4 bxc4 19. Nxd6 Bxd6 20. Qxd6 Bxf5 21. Qc5 Nd4
22. Qxc4 Nxe2+ 23. Qxe2 Qc2 24. h3 Bd3 25. Qd1 Qxb2 26. Bc1 Qb5 27. Re1 Nxf2 28.
Kxf2 e4 0-1

[Event "AUTO-MASTER-144"]
[Site "http://www.queenalice.com/game.php?id=132160"]
[Date "2006.11.21"]
[Round "2"]
[White "Cesar"]
[Black "alunoem7"]
[Result "0-1"]
[WhiteElo "1619"]
[BlackElo "1974"]

1. e4 g6 2. Bc4 d6 3. Nf3 Bg4 4. h3 Bxf3 5. Qxf3 Nf6 6. a3 c6 7. d3 Bg7 8. O-O
Nbd7 9. Nc3 Ne5 10. Qe3 Nxc4 11. Qe2 Ne5 12. Bd2 Qb6 13. b4 O-O 14. Be3 Qc7 15.
f4 Nh5 16. fxe5 Ng3 17. Qf2 Nxf1 18. Rxf1 Bxe5 19. Ne2 c5 20. bxc5 dxc5 21. Bxc5
b6 22. Bd4 Bd6 23. Qh4 Qxc2 24. Nc1 Qd2 25. e5 Bxa3 26. e6 fxe6 27. Rxf8+ Rxf8
28. Nb3 Qd1+ 29. Kh2 Bd6+ 30. g3 Qe2+ 31. Kh1 Rf1+ 32. Bg1 Qf2 33. Qd4 Rxg1# 0-1

[Event "AUTO-MASTER-144"]
[Site "http://www.queenalice.com/game.php?id=132161"]
[Date "2006.11.21"]
[Round "2"]
[White "alunoem7"]
[Black "Cesar"]
[Result "0-1"]
[WhiteElo "1988"]
[BlackElo "1618"]

1. c4 c5 2. Nc3 g6 3. Nf3 d6 4. e4 Nf6 5. d4 cxd4 6. Nxd4 e5 7. Nc2 Bg7 8. Be2
O-O 9. h4 Be6 10. Ne3 Nc6 11. Bd2 Bh6 12. g4 Bg7 13. g5 Ne8 0-1

[Event "AUTO-MASTER-144"]
[Site "http://www.queenalice.com/game.php?id=132164"]
[Date "2006.11.21"]
[Round "2"]
[White "RIVAS"]
[Black "alunoem7"]
[Result "0-1"]
[WhiteElo "1936"]
[BlackElo "1995"]

1. e4 b6 2. d4 e6 3. Bd3 Bb7 4. Nf3 c5 5. O-O cxd4 6. Nxd4 Qh4 7. Nc3 f5 8. Qf3
Nf6 9. g3 fxe4 10. Qg2 Qh5 11. Be2 Qg6 12. Be3 e5 13. Nb3 Nc6 14. a3 O-O-O 15.
Rad1 d5 16. Nb1 h5 17. f4 d4 18. fxe5 dxe3 19. Rxd8+ Kxd8 20. exf6 gxf6 21. Nc3
Ne5 22. Rd1+ Kc8 23. Qh3+ f5 24. Nd5 Nf3+ 25. Bxf3 Bxd5 26. Be2 Be6 27. Ba6+ Kb8
28. Rd8+ Kc7 29. Rd1 Bg7 30. Nd4 Bxd4 31. Rxd4 Qf6 32. c3 f4 33. Qf1 f3 34. Rc4+
Kb8 35. Rc6 f2+ 0-1

[Event "AUTO-MASTER-144"]
[Site "http://www.queenalice.com/game.php?id=132165"]
[Date "2006.11.21"]
[Round "2"]
[White "alunoem7"]
[Black "RIVAS"]
[Result "1-0"]
[WhiteElo "1947"]
[BlackElo "1947"]

1. e4 e6 2. d4 d5 3. Nc3 Nf6 4. Bg5 Be7 5. e5 Nfd7 6. h4 a6 7. Qg4 Bxg5 8. hxg5
Nf8 9. O-O-O Nc6 10. Bd3 Ng6 11. a3 Bd7 12. Nge2 Qe7 13. Rh3 O-O-O 14. Na4 f5
15. gxf6 gxf6 16. exf6 Qxf6 17. Nc5 Nge7 18. Qg3 e5 19. Nxa6 bxa6 20. Bxa6+ Kb8
21. Qb3+ Nb4 22. Qxb4+ Qb6 23. Rb3 Qxb4 24. Rxb4+ Ka7 25. Bb5 Bxb5 26. Rxb5 e4
27. Rh1 c6 28. Rb4 Rdf8 29. Rh3 Rxf2 30. Rhb3 Rxe2 31. Ra4# 1-0

[Event "Challenge"]
[Site "http://www.queenalice.com/game.php?id=217345"]
[Date "2007.5.28"]
[Round "-"]
[White "defconn4"]
[Black "alunoem7"]
[Result "1-0"]
[WhiteElo "2072"]
[BlackElo "2014"]

1. Nf3 Nf6 2. d4 e6 3. e3 b6 4. Bd3 Bb7 5. Nbd2 c5 6. c3 cxd4 7. exd4 Na6 8. O-O
g6 9. Re1 Bg7 10. Ne4 Nxe4 11. Bxe4 Bxe4 12. Rxe4 h6 13. Bf4 d6 14. Qa4+ Qd7 15.
Qxa6 O-O 16. Rae1 Rae8 17. Qa3 Rd8 18. b3 Rfe8 19. Qc1 Kh7 20. Bxh6 f6 21. Rh4
Kg8 22. Rhe4 Re7 23. Bxg7 Kxg7 24. Rh4 g5 25. Nxg5 fxg5 26. Qxg5+ 1-0

[Event "Let's Play Chess!"]
[Site "http://www.queenalice.com/game.php?id=248079"]
[Date "2007.7.30"]
[Round "-"]
[White "alunoem7"]
[Black "pedrogarciass"]
[Result "1-0"]
[WhiteElo "1996"]
[BlackElo "1680"]

1. e4 d5 2. exd5 Qxd5 3. Nc3 Qd8 4. Bc4 e6 5. d4 Bb4 6. a3 Bxc3+ 7. bxc3 a6 8.
a4 h6 9. Nf3 b6 10. O-O Bb7 11. Re1 Nf6 12. Ba3 Nbd7 13. d5 Nc5 14. dxe6 Qxd1
15. exf7+ Kf8 16. Raxd1 Bxf3 17. gxf3 g6 18. Re5 Nd7 19. Rxd7 h5 20. Rxc5 bxc5
21. Bxc5+ 1-0

[Event "Challenge"]
[Site "http://www.queenalice.com/game.php?id=278989"]
[Date "2007.9.29"]
[Round "-"]
[White "alunoem7"]
[Black "Catao"]
[Result "1-0"]
[WhiteElo "2000"]
[BlackElo "2012"]

1. e4 c5 2. Nc3 Nc6 3. g3 g6 4. d3 Bg7 5. Be3 d6 6. Qd2 e6 7. Bg2 a6 8. f4 Qc7
9. Nge2 Nd4 10. O-O Ne7 11. Nd1 O-O 12. g4 d5 13. Ng3 b5 14. c3 Ndc6 15. f5 gxf5
16. gxf5 f6 17. Bh6 dxe4 18. Bxg7 Kxg7 19. Nh5+ Kh8 20. Qh6 Rf7 21. Bxe4 Ng8 22.
Qf4 1-0